000 00566nam a2200205Ia 4500
005 20250508164455.0
008 008 250505s9999 xx 000 0 eng d
037 _aTextual
040 _aFEDL
_beng
_cFEDL
041 _aeng
_2eng
084 _a305.4, PAN
_qFEDL
100 _aPant Niranjan
245 0 _aStatus of girl child and women in India
260 _aNew Delhi, India
_bA P H Publishing Corporation
_c1995
300 _axxxiii,175p.
365 _aINR
_b300
650 _aWomen
942 _cTEXL
_h305.4, PAN
999 _c1389313
_d1389313